Poetic Ripples in the Lands of Time/ (Record no. 175657)

MARC details
000 -LEADER
fixed length control field 00555nam a22001817a 4500
005 - DATE AND TIME OF LATEST TRANSACTION
control field 20200914120559.0
010 ## - LCCN (DPL NO)
LC control number ENG-128424
020 ## - INTERNATIONAL STANDARD BOOK NUMBER
Terms of availability 120.00
International Standard Book Number 9789389604757
035 ## - SYSTEM CONTROL NUMBER
System control number EN-111956
037 ## - SOURCE OF ACQUISITION
Source of stock number/acquisition DBAD/PUB
082 ## - DEWEY DECIMAL CLASSIFICATION NUMBER
Classification number 881
100 ## - MAIN ENTRY--PERSONAL NAME
Personal name Xavier, V.L
245 ## - TITLE STATEMENT
Title Poetic Ripples in the Lands of Time/
Statement of responsibility, etc by V L Xavier
260 ## - PUBLICATION, DISTRIBUTION, ETC. (IMPRINT)
Place of publication, distribution, etc Chennai
Name of publisher, distributor, etc BUUKS
Date of publication, distribution, etc 2019
270 ## - ADDRESS
Address JVL Plaza, 4th Floor, 501, Anna Salai Teynampet,
City Chennai
Postal code 600 018
Telephone number 044-4992727
Electronic mail address hello@buuks.com
300 ## - PHYSICAL DESCRIPTION
Extent 87p.
Dimensions 21cm(pbk)
942 ## - ADDED ENTRY ELEMENTS (KOHA)
Source of classification or shelving scheme Dewey Decimal Classification
Item type English Books
Classification part 881
Call number suffix XAV
Holdings
Withdrawn status Lost status Not for loan Collection code Home library Current library Date acquired Source of acquisition Cost, normal purchase price Full call number Barcode Cost, replacement price Koha item type
      Fiction Ashok Vihar Ashok Vihar 14/09/2020 DBAD/PUB 120.00 005.1 GAN EN-111956 120.00 English Books

© Delhi Public Library
Hit Counter
free hit counter